Master Olof: (Record no. 27137)
[ view plain ]
| 000 -LEADER | |
|---|---|
| fixed length control field | 01249cam a22003135i 4500 |
| 001 - CONTROL NUMBER | |
| control field | 003527037 |
| 003 - CONTROL NUMBER IDENTIFIER | |
| control field | OSt |
| 005 - DATE AND TIME OF LATEST TRANSACTION | |
| control field | 20190213123031.0 |
| 008 - FIXED-LENGTH DATA ELEMENTS--GENERAL INFORMATION | |
| fixed length control field | 010302|1915||||mau fr ||| d|eng d |
| 040 ## - CATALOGING SOURCE | |
| Original cataloging agency | Uk |
| Transcribing agency | Uk |
| Language of cataloging | eng |
| Modifying agency | EG-ScBUE |
| 082 04 - DEWEY DECIMAL CLASSIFICATION NUMBER | |
| Edition number | 22 |
| Classification number | 839.72 |
| Item number | STR |
| 100 1# - MAIN ENTRY--PERSONAL NAME | |
| Personal name | Strindberg, August, |
| Dates associated with a name | 1849-1912. |
| 9 (RLIN) | 30805 |
| 240 10 - UNIFORM TITLE | |
| Uniform title | <a href="Mäster Olof">Mäster Olof</a> |
| 245 10 - TITLE STATEMENT | |
| Title | Master Olof: |
| Remainder of title | a drama in five acts / |
| Statement of responsibility, etc | August Strindberg ; [translated from the Swedish with an introduction by Edwin Björkman. From the prose version of 1872]. |
| 264 #1 - PUBLICATION, DISTRIBUTION, ETC. (IMPRINT) | |
| Place of publication, distribution, etc | New York : |
| Name of publisher, distributor, etc | The American-Scandinavian Foundation, |
| Date of publication, distribution, etc | 1915. |
| 300 ## - PHYSICAL DESCRIPTION | |
| Extent | xxiii, 125 pages ; |
| Dimensions | 24 cm. |
| 336 ## - CONTENT TYPE | |
| Content type term | text |
| Source | rdacontent |
| 337 ## - MEDIA TYPE | |
| Media type term | unmediated |
| Source | rdamedia |
| 338 ## - CARRIER TYPE | |
| Carrier type term | volume |
| Source | rdacarrier |
| 490 0# - SERIES STATEMENT | |
| Series statement | Scandinavian Classics |
| Volume number/sequential designation | Vol. IV |
| 580 ## - LINKING ENTRY COMPLEXITY NOTE | |
| Linking entry complexity note | In: New York.-American-Scandinavian Foundation. Scandinavian Classics. vol. 4. 1914, etc. 8º. |
| 650 #7 - SUBJECT ADDED ENTRY--TOPICAL TERM | |
| Source of heading or term | BUEsh |
| 9 (RLIN) | 41996 |
| Topical term or geographic name as entry element | Swedish drama. |
| 653 ## - INDEX TERM--UNCONTROLLED | |
| Resource For college | Humanities: English |
| Arrived date list | February2019 |
| 700 1# - ADDED ENTRY--PERSONAL NAME | |
| Personal name | BJÖRKMAN, Edwin August. |
| Relator term | translator. |
| 700 1# - ADDED ENTRY--PERSONAL NAME | |
| Personal name | Strindberg, August, |
| Dates associated with a name | 1849-1912. |
| Title of a work | Single Works. |
| 886 2# - FOREIGN MARC INFORMATION FIELD | |
| 2 | blmarc |
| a | 709 |
| b | 00 |
| a | BJÖRKMAN |
| h | Edwin August |
| p | Ac.8426.f/2. |
| x | 0333070267 |
| 942 ## - ADDED ENTRY ELEMENTS (KOHA) | |
| Source of classification or shelving scheme | Dewey Decimal Classification |
| Koha item type | Book - Borrowing |
| Withdrawn status | Lost status | Source of classification or shelving scheme | Damaged status | Not for loan | Collection code | Home library | Current library | Shelving location | Date acquired | Source of acquisition | Cost, normal purchase price | Serial Enumeration / chronology | Total Checkouts | Full call number | Barcode | Date last seen | Price effective from | Koha item type |
|---|---|---|---|---|---|---|---|---|---|---|---|---|---|---|---|---|---|---|
| Dewey Decimal Classification | Baccah | Central Library | Central Library | Second Floor | 13/02/2019 | Purchase | 147.00 | 15359 | 839.72 STR | 000044180 | 15/07/2025 | 13/02/2019 | Book - Borrowing |